Teacher education and religion
Saved in:
| Other Authors: | |
|---|---|
| Format: | Book |
| Language: | English |
| Published: |
Oneonta, New York :
The American Association of Colleges for Teacher Education,
1959.
|
| Subjects: | |
| Tags: |
Add Tag
No Tags, Be the first to tag this record!
|
MARC
| LEADER | 00000cam a2200000 a 4500 | ||
|---|---|---|---|
| 001 | 1/118487 | ||
| 008 | 190422s1959####us | ||| |||| ||eng|| | ||
| 040 | |a GR-MyUa |b gre |c GR-MyUa |e AACR2 | ||
| 041 | 0 | |a eng | |
| 082 | 7 | |a 371.1 |2 (23) | |
| 245 | 0 | 0 | |a Teacher education and religion / |c επιμέλεια: A.L. Sebaly [κ.ά.]. |
| 260 | |a Oneonta, New York : |b The American Association of Colleges for Teacher Education, |c 1959. | ||
| 300 | |a xiii, 292 σ. ; |c 23 εκ. | ||
| 504 | |a Περιλαμβάνει βιβλιογραφικές παραπομπές και ευρετήριο. | ||
| 650 | 0 | |a Religious education. | |
| 650 | 0 | |a Teachers |x Training of. | |
| 700 | 1 | |a Sebaly, Avis Leo, |d 1912- |e edt | |
| 852 | |a INST |b RHODES |c AKA |e 20190422 |h 371.1 TEA |p 005400040660 |q 005400040660 |t BK |y 0 | ||
| 970 | |z 22-04-2019 | ||